Départements et préfectures commençants par la même lettre - Statistiques

Statistiques générales
  • Ce quiz a été pris 108 fois
  • Le résultat moyen est 7 sur 9
Statistiques - réponses
Lettre Département / Préfecture % Correct
E Eure / Évreux
93%
N Nièvre / Nevers
89%
C Calvados / Caen
85%
P Pyrénées-Atlantiques / Pau
82%
P Pyrénées-Orientales / Perpignan
81%
M Moselle / Metz
80%
E Essonne / Évry-Courcouronnes
75%
P Paris / Paris
72%
M Mayotte / Mamoudzou
47%
Aucun quiz correspondant
Distribution des résultats
% des personnes avec chaque résultat
Percentile par nombre de réponses
Votre historique - résultats
Vous n’avez pas pris ce quiz